00000000cam 2200000zi 4500
0019.962852
003CaOODSP
00520260515113605
006m     o  d f      
007cr mn|||||||||
008260515s1982    onc     ob   f000 0 fre d
040 |aCaOODSP|bfre|erda|cCaOODSP
043 |an-cn---
0861 |aJS4-1/1985-7F-PDF
1001 |aVarette, Sharon, |eauteur.
24510|aRecherche sur la criminalité des cols blancs / |cS.E. Varette, C. Meredith, R.B. Robinson, D. Hoffman, Abt Associates of Canada.
264 1|aOttawa, Ontario : |bMinistère du Solliciteur général du Canada, Secrétariat, Direction des programmes, |c1982.
300 |a1 ressource en ligne (258 pages).
336 |atexte|btxt|2rdacontent/fre
337 |ainformatique|bc|2rdamedia/fre
338 |aressource en ligne|bcr|2rdacarrier/fre
4901 |aDirection des programmes - rapport pour spécialistes ; |vno. 1985-07
500 |aÉdition numérisée de l'imprimée [par Sécurité publique Canada].
500 |aPublié aussi en anglais sous le titre : Research on white collar crime : exploring the issues.
500 |a« Ce document de travail est présenté tel qu'il a été soumis au Ministère en 1982. Les opinions qu'il renferme sont celles des auteurs et ne représentent pas nécessairement le point de vue du ministère du Solliciteur général du Canada. »
504 |aComprend des références bibliographiques (pages 250-258).
520 |a« Les fonctionnaires du système de justice pénale manquent d'informations au sujet de la criminalité des cols blancs. Malheureusement, de nombreux obstacles empêchent d'analyser clairement ce problème. Ce rapport vise à déterminer les types d'informations qui pourraient être utiles à des fins d'enquête et d'application de la loi » -- Abrégé, page 4.
650 6|aCrimes en col blanc|xRecherche|zCanada.
650 6|aCrimes en col blanc|xEnquêtes|xRecherche|zCanada.
7101 |aCanada. |bSolliciteur général Canada.|bDirection des programmes, |eorganisme de publication.
7102 |aAbt Associates of Canada, |econsultant.
77508|tResearch on white collar crime : |w(CaOODSP)9.962848
830#0|aRapport pour spécialistes (Canada. Solliciteur général Canada)|vno. 1985-07.|w(CaOODSP)9.808484
85640|qPDF|s3.60 Mo|uhttps://publications.gc.ca/collections/collection_2026/sp-ps/js4-1/JS4-1-1985-7-fra.pdf